000 00760nam a22002057a 4500
999 _c20367
_d20367
003 AR-CdUCM
008 190529b ||||| |||| 00| 0 spa d
040 _aMUNICIPALIDAD PROVINCIAL DEL CUSCO
_cBIBLIOTECA MUNICIPAL DEL CUSCO
082 _23ed.
_a901 /
_bM26
100 _aMarias, Julian
_912094
245 _aEl método histórico de las generaciones /
260 _aMadrid :
_bArtes gráficas clavileño,
_c1961.
300 _a194 páginas ;
_c23 cm.
505 _aContenido : El tema de las generaciones -- El problema de las generaciones en el siglo XIX -- La teoría de ortega...
650 _aEl problema científico
_942592
650 _aLa vida histórica
_942593
650 _aLas edades del hombre
_942594
942 _2ddc
_cLIBROS
945 _aandy